| 000 | 00709nam a2200241Ia 4500 | ||
|---|---|---|---|
| 003 | OSt | ||
| 005 | 20220926022949.0 | ||
| 006 | a|||||r|||| 00| 0 | ||
| 007 | ta | ||
| 008 | 220923b |||||||| |||| 00| 0 eng d | ||
| 037 | _cGeneral Book | ||
| 040 |
_aRTL _cRTL _beng |
||
| 041 |
_2eng _aeng |
||
| 082 | _aX:(B28), L0 | ||
| 100 | _aHuang David S | ||
| 245 | 0 | _aRegression and econometric methods | |
| 260 |
_aNew York _bWiley _c1970 |
||
| 300 |
_axiii,274p Bib p 276-72 Appendix p249-66 _ccm. |
||
| 490 | _aWiley Series In Probability and Mathematical Statistics | ||
| 650 | _aEconomic Statistics | ||
| 942 |
_hX:(B28), L0 _cGB _2CC |
||
| 999 |
_c640689 _d640689 |
||